सफलतेमधील आनंद (Record no. 430842)

MARC details
000 -LEADER
fixed length control field 00558nam a2200169Ia 4500
008 - FIXED-LENGTH DATA ELEMENTS--GENERAL INFORMATION
fixed length control field 100122s9999 xx 000 0 und d
082 ## - DEWEY DECIMAL CLASSIFICATION NUMBER
Item number 53918
Classification number 923.854
100 ## - MAIN ENTRY--PERSONAL NAME
Personal name टाटा जेआर डी
245 ## - TITLE STATEMENT
Title सफलतेमधील आनंद
260 ## - PUBLICATION, DISTRIBUTION, ETC. (IMPRINT)
Name of publisher, distributor, etc उत्कर्ष प्रकाशन
Date of publication, distribution, etc 1997
300 ## - PHYSICAL DESCRIPTION
Extent 227
630 ## - SUBJECT ADDED ENTRY--UNIFORM TITLE
Uniform title सफलतेमधील आनंद
700 ## - ADDED ENTRY--PERSONAL NAME
Personal name लाला रुसी
700 ## - ADDED ENTRY--PERSONAL NAME
Personal name पाध्ये अशोक
730 ## - ADDED ENTRY--UNIFORM TITLE
Uniform title सफलतेमधील आनंद
942 ## - ADDED ENTRY ELEMENTS (KOHA)
Koha item type Book
Holdings
Withdrawn status Lost status Damaged status Not for loan Home library Current library Date acquired Cost, normal purchase price Total Checkouts Full call number Barcode Date last seen Cost, replacement price Price effective from Koha item type Public note
        S.V. Pathak Library, Vile Parle S.V. Pathak Library, Vile Parle 12/11/1997 150.00   53918 SVPPARLE-53918 01/25/2010 150.00 01/25/2010 Book General NA